[Event "Challenge"]
[Site "http://www.queenalice.com/game.php?id=779329"]
[Date "2010.5.22"]
[Round "-"]
[White "jjjcarvalho"]
[Black "lavander"]
[Result "1-0"]
[WhiteElo "1713"]
[BlackElo "1206"]

1. e4 g6 2. d4 e6 3. Nf3 c6 4. Nc3 Bh6 5. Be2 Qb6 6. O-O Bxc1 7. Qxc1 h5 8. Bc4
Nf6 9. h3 Qb4 10. Bb3 Na6 11. Qg5 Ng4 12. hxg4 h4 13. Qf6 Rh7 14. Ng5 Qe7 15.
Qxe7+ Kxe7 16. Nxh7 f5 17. gxf5 gxf5 18. f4 d5 19. exf5 exf5 20. Rae1+ Kf7 21.
Ng5+ Kf6 22. Re8 Nc7 23. Rh8 Ne6 24. Nxe6 Kxe6 25. Rxh4 Bd7 26. Re1+ Kf6 27. Re5
Re8 28. Ne2 b6 29. Rxe8 Bxe8 30. Ng3 Bd7 31. c4 dxc4 32. Bxc4 b5 33. Bb3 a5 34.
Kf2 a4 35. Bc2 Be6 36. Nh5+ Kg6 37. g4 Bxa2 38. Bxf5+ Kf7 39. g5 b4 40. g6+ Kg8
41. g7 a3 42. bxa3 bxa3 43. Rh1 Bb3 44. Ra1 Kf7 45. Rxa3 Bc4 46. Rc3 Bd5 47. Ke3
Kg8 48. Bd7 Bf7 49. Rxc6 Bxh5 50. d5 Kxg7 51. d6 Kf7 52. Rc7 Bg6 53. Bf5+ Ke8
54. d7+ Kd8 55. Rc8+ Ke7 56. d8=Q+ Kf7 57. Rc7# 1-0

[Event "Challenge"]
[Site "http://www.queenalice.com/game.php?id=779330"]
[Date "2010.5.22"]
[Round "-"]
[White "jjjcarvalho"]
[Black "lavander"]
[Result "0-1"]
[WhiteElo "1698"]
[BlackElo "1200"]

1. e4 e5 2. Nf3 Bd6 3. Bc4 Nf6 4. d3 c5 5. Nc3 h6 6. Be3 Qb6 7. Rb1 g6 8. h3 h5
9. O-O a5 10. Ng5 Be7 11. f4 d5 12. Nxd5 Nxd5 13. Bxd5 f6 14. Nf3 exf4 15. Bxf4
g5 16. Bxb8 Rxb8 17. c4 g4 18. hxg4 hxg4 19. Nd2 Qd6 20. Kf2 Qf4+ 21. Ke1 Qg3+
22. Ke2 Qxg2+ 23. Rf2 Qh3 24. Qg1 g3 25. Rg2 Qg4+ 26. Nf3 Rg8 27. Bxg8 Qxg8 28.
Rxg3 Qh7 29. Rg7 Qh6 30. Qg2 f5 31. Qg6+ Qxg6 32. Rxg6 Kf7 33. exf5 Bxf5 34.
Ne5+ Kf8 35. Rh6 Kg7 36. Rb6 Bd8 37. Rg1+ Kh7 38. Nf7 Bxb6 39. Nd6 Bg6 40. Kd2
Bc7 41. Ne4 Bf4+ 42. Kc3 Be5+ 43. Kc2 Bd4 44. Rg5 Rf8 45. Nxc5 Rf2+ 46. Kb3 b6
47. Na4 Kh6 48. Rd5 Rf4 49. Rb5 Bxd3 50. Nxb6 Bb1 51. Nd5 Rf2 52. Ka3 Bxb2+ 53.
Ka4 Bxa2 54. Rxa5 Bxc4 55. Rc5 Rc2 56. Rc6+ Kg5 57. Rd6 Rd2 58. Kb4 Bxd5 59. Rd7
Kf6 60. Kc5 Ke6 61. Rd6+ Ke5 62. Rh6 Bd4+ 63. Kb5 Rb2+ 64. Ka4 Bc3 65. Ka3 Bc4
66. Rh5+ Kd6 67. Rh6+ Ke5 0-1

[Event "Challenge"]
[Site "http://www.queenalice.com/game.php?id=779331"]
[Date "2010.5.22"]
[Round "-"]
[White "jjjcarvalho"]
[Black "lavander"]
[Result "1-0"]
[WhiteElo "1747"]
[BlackElo "1208"]

1. d4 d5 2. Nf3 Qd6 3. e3 Bf5 4. Nc3 h5 5. Bd3 g6 6. Bxf5 gxf5 7. Qd3 Nh6 8. h3
Rg8 9. O-O Qd7 10. Bd2 a6 11. Ne5 Qe6 12. f4 a5 13. Nb5 Kd8 14. Rac1 f6 15. Nf3
Ng4 16. hxg4 hxg4 17. Nh4 Qf7 18. Qxf5 Rh8 19. Qxg4 Qh5 20. Qxh5 Rxh5 21. Nf3 f5
22. c4 e6 23. Ng5 Kd7 24. cxd5 exd5 25. Rxc7+ Kd8 26. Nf7+ Ke8 27. Rfc1 Bb4 28.
Bxb4 axb4 29. Nbd6+ Kf8 30. Rxb7 Nc6 31. Rxc6 Rxa2 32. Rc8+ Kg7 33. Ne5+ Kf6 34.
Rf7+ Ke6 35. Rc6 Ra1+ 36. Kf2 b3 37. Nxf5# 1-0

[Event "Challenge"]
[Site "http://www.queenalice.com/game.php?id=815804"]
[Date "2010.8.9"]
[Round "-"]
[White "jjjcarvalho"]
[Black "lavander"]
[Result "1-0"]
[WhiteElo "1709"]
[BlackElo "1202"]

1. d4 d5 2. Nf3 g6 3. Nc3 Bh6 4. Bxh6 Nxh6 5. e3 c6 6. h3 Bf5 7. Bd3 Qb6 8. Rb1
Na6 9. O-O Nb4 10. Bxf5 Nxf5 11. a3 Nxe3 12. fxe3 Na6 13. b4 h6 14. Ne5 f6 15.
Nxg6 Rg8 16. Qh5 Kf7 17. Ne5+ Ke6 18. Qf7+ Kd6 19. Ng6 Qc7 20. Rf5 Qd7 21. g4
Nc7 22. Rbf1 Ne8 23. Nf8 Rg7 24. Qh5 Qd8 25. Qxh6 e6 26. R5f3 e5 27. dxe5+ Kxe5
28. Qf4# 1-0

[Event "AUTO-OPEN-2086"]
[Site "http://www.queenalice.com/game.php?id=825117"]
[Date "2010.8.29"]
[Round "1"]
[White "odin2"]
[Black "lavander"]
[Result "0-1"]
[WhiteElo "1634"]
[BlackElo "1295"]

1. d4 d5 2. c4 dxc4 3. Nc3 Qd6 4. e4 g6 5. Bxc4 Bg7 6. Nf3 Qc6 7. Be3 Nf6 8. Qb3
Nxe4 9. Bxf7+ Kf8 10. Nxe4 b5 11. Bd5 Qb6 12. Bxa8 Qa5+ 13. Bd2 Qb6 14. Bd5 Bxd4
0-1

[Event "AUTO-OPEN-2086"]
[Site "http://www.queenalice.com/game.php?id=825118"]
[Date "2010.8.29"]
[Round "1"]
[White "lavander"]
[Black "odin2"]
[Result "1-0"]
[WhiteElo "1325"]
[BlackElo "1604"]

1. d4 d5 2. c3 e6 3. Qd3 c5 4. Qb5+ Bd7 5. Qxb7 Nc6 6. Bg5 Qc8 7. Qb3 f6 8. Bf4
Nge7 9. Na3 c4 10. Qb5 Nxd4 11. Qb4 Nef5 12. Qa5 Bxa3 13. Qxa3 Nc2+ 14. Kd1 1-0

[Event "AUTO-OPEN-2086"]
[Site "http://www.queenalice.com/game.php?id=825143"]
[Date "2010.8.29"]
[Round "1"]
[White "lavander"]
[Black "szachista92"]
[Result "0-1"]
[WhiteElo "1249"]
[BlackElo "2158"]

1. e4 c5 2. Qh5 d6 3. Bc4 e6 4. Qf3 Nc6 5. d3 Nf6 6. Nh3 Ne5 7. Qf4 Nxc4 8. dxc4
Be7 9. b3 e5 10. Qg5 O-O 11. Nc3 Nxe4 12. Qe3 Nxc3 13. Qxc3 Bf6 14. a4 e4 15.
Qe3 Bxa1 16. Qxe4 Re8 17. Qe2 Bc3+ 18. Bd2 Rxe2+ 19. Kxe2 Bxd2 20. Kxd2 Bxh3 21.
gxh3 Qh4 22. Re1 Qxf2+ 23. Kd1 Kf8 24. c3 Rd8 25. b4 d5 26. Re5 dxc4+ 27. Kc1
Qd2+ 28. Kb1 Qxc3 29. Rxc5 Rd1+ 30. Ka2 Ra1# 0-1

[Event "AUTO-OPEN-2086"]
[Site "http://www.queenalice.com/game.php?id=825145"]
[Date "2010.8.29"]
[Round "1"]
[White "lavander"]
[Black "GM_Westerley_1993"]
[Result "0-1"]
[WhiteElo "1230"]
[BlackElo "1605"]

1. h4 e5 2. c4 Bc5 3. e3 Nc6 4. Qg4 Qf6 5. b3 d5 6. Qg5 Bf5 7. Nc3 d4 8. Nd5
Qxg5 9. hxg5 O-O-O 10. exd4 exd4 11. d3 Nge7 12. Nxe7+ Nxe7 13. Bf4 Ng6 14. Bd2
Rhe8+ 15. Kd1 Ne5 16. a4 Nxd3 17. Kc2 Nxf2+ 18. Bd3 Bxd3+ 19. Kb2 Nxh1 20. Nf3
Ng3 21. Bf4 Nf5 22. Rh1 Ne3 23. Ne5 Bg6 24. g3 d3 25. Rh2 Bd4+ 26. Kc1 Bxe5 27.
Bxe3 Bxg3 28. Rh3 Rxe3 29. Kd2 Re2+ 30. Kd1 Bf4 31. Rf3 Bxg5 32. Rh3 Rde8 33.
Rg3 Re1# 0-1

[Event "AUTO-OPEN-2086"]
[Site "http://www.queenalice.com/game.php?id=825146"]
[Date "2010.8.29"]
[Round "1"]
[White "GM_Westerley_1993"]
[Black "lavander"]
[Result "1-0"]
[WhiteElo "1607"]
[BlackElo "1228"]

1. e4 e6 2. d4 Qh4 3. Nc3 Bb4 4. Bd3 Nf6 5. e5 Qxd4 6. exf6 Qxf6 7. Bd2 Qe5+ 8.
Nge2 Qh5 9. Ng3 Qa5 10. O-O f6 11. a3 Bc5 12. Qh5+ Kf8 13. Nce4 Qb6 14. b4 Bd4
15. c3 Be5 16. Be3 Qc6 17. f4 Bxc3 18. Rac1 Qa4 19. Rxc3 f5 20. Nc5 Qc6 21. Rfc1
Qd5 22. Bc4 Qc6 23. Nxf5 b5 24. Bb3 d5 25. Nd3 Qe8 26. Qxe8+ Kxe8 27. Nd4 a6 28.
Rxc7 Bd7 29. Ne5 Bc6 30. Nexc6 Nxc6 31. R1xc6 Kd8 32. Nxe6+ Ke8 33. Nxg7+ Kd8
34. Bb6 Rf8 35. Rf7# 1-0

[Event "AUTO-BEG-427"]
[Site "http://www.queenalice.com/game.php?id=844875"]
[Date "2010.10.12"]
[Round "1"]
[White "Denny"]
[Black "lavander"]
[Result "0-1"]
[WhiteElo "1439"]
[BlackElo "1272"]

1. e4 e5 2. d3 Nc6 3. Nf3 d6 4. Bg5 Be7 5. Be3 Nb4 6. a3 Nc6 7. c4 h6 8. b4 Bg5
9. b5 Bxe3 10. bxc6 Bb6 11. Qd2 bxc6 12. Nc3 Nf6 13. Rb1 Ng4 14. Rxb6 cxb6 15.
h3 Nf6 16. Nh4 a6 17. a4 b5 18. Nf5 g6 19. Ng7+ Kf8 20. Ne6+ fxe6 21. cxb5 axb5
22. g4 g5 23. f3 bxa4 24. Bg2 a3 25. Ke2 h5 26. Qxg5 hxg4 27. fxg4 Ra5 28. Qc1
Ba6 29. g5 Nh5 30. Rf1+ Kg7 31. Rf3 Rf8 32. Re3 Qxg5 33. Qg1 Ng3+ 34. Rxg3 Qxg3
35. Kd2 Bxd3 36. Ne2 Qg5+ 37. Kxd3 d5 38. Qe1 dxe4+ 39. Bxe4 Ra4 40. Nc3 Ra6 41.
h4 Qg3+ 42. Qxg3+ Kf7 43. Bg6+ Kf6 44. h5 Rd8+ 45. Ke4 a2 46. Nxa2 Rxa2 47. Qf3+
Ke7 48. Qf6+ Kxf6 0-1

[Event "AUTO-BEG-427"]
[Site "http://www.queenalice.com/game.php?id=844876"]
[Date "2010.10.12"]
[Round "1"]
[White "lavander"]
[Black "Denny"]
[Result "1-0"]
[WhiteElo "1247"]
[BlackElo "1464"]

1. e4 e5 2. f3 c5 3. Qe2 Nc6 4. Qc4 d5 5. Qxd5 Nb4 6. Qxd8+ Kxd8 7. Kd1 Be6 8.
b3 f5 9. Nh3 Rc8 10. Ng5 Ke7 11. Nxe6 Kxe6 12. Bc4+ Ke7 13. exf5 Nh6 14. Be6 Rd8
15. g4 g6 16. a3 Nc6 17. Bb2 gxf5 18. gxf5 Rd6 19. Bc8 Nd8 20. Bxe5 Bg7 21. Bxg7
Ndf7 22. Bxh8 Nxh8 23. Rg1 Nxf5 24. Bxb7 Nf7 25. Re1+ Kf6 26. b4 Ne5 27. bxc5
Rd7 28. f4 Nc4 29. c6 Rc7 30. Kc1 h5 31. d3 Ncd6 32. Ba8 a5 33. Re5 h4 34. Nc3
Rc8 35. Nd5+ Kf7 36. Nb6 Rb8 37. Rxa5 Kf6 38. Rb1 h3 39. Nd5+ Kf7 40. Rxb8 Nh4
41. Rd8 Nf3 42. Rxd6 Nxh2 43. Ra7+ Ke8 44. c7 Kf7 45. c8=Q# 1-0

[Event "AUTO-BEG-427"]
[Site "http://www.queenalice.com/game.php?id=844889"]
[Date "2010.10.12"]
[Round "1"]
[White "Magnum45"]
[Black "lavander"]
[Result "1-0"]
[WhiteElo "1372"]
[BlackElo "1247"]

1. e4 e5 2. Nf3 d6 3. d4 exd4 4. Nxd4 Qe7 5. Nc3 f5 6. Qe2 Nc6 7. Nxf5 g6 8.
Nxe7 Bxe7 9. Bf4 h5 10. O-O-O Bg4 11. f3 Be6 12. Qb5 Rb8 13. e5 a6 14. Qe2 dxe5
15. Bxe5 Bf6 16. Bxf6 Nxf6 17. Qxe6+ Ne7 18. Bc4 Rd8 19. Qf7# 1-0

[Event "AUTO-BEG-427"]
[Site "http://www.queenalice.com/game.php?id=844890"]
[Date "2010.10.12"]
[Round "1"]
[White "lavander"]
[Black "Magnum45"]
[Result "0-1"]
[WhiteElo "1247"]
[BlackElo "1343"]

1. b4 e5 2. c3 d5 3. e3 e4 4. Qa4+ Bd7 5. Qb3 Nf6 6. c4 c6 7. cxd5 Nxd5 8. h4
Be6 9. Bc4 b5 10. Be2 Nxb4 11. Qd1 Nd3+ 12. Bxd3 Qxd3 13. Nc3 Bc4 14. Nxe4 Qf1#
0-1

[Event "Challenge"]
[Site "http://www.queenalice.com/game.php?id=855687"]
[Date "2010.11.6"]
[Round "-"]
[White "edemarc"]
[Black "lavander"]
[Result "0-1"]
[WhiteElo "1396"]
[BlackElo "1226"]

1. e4 e5 2. Nf3 Qf6 3. d3 Bc5 4. Bg5 Qe6 5. d4 Bxd4 6. Nxd4 exd4 7. Qxd4 Qg6 8.
f4 f6 9. f5 Qxg5 10. Nd2 Qh4+ 11. g3 Qg5 12. h4 Qxg3+ 13. Kd1 Nc6 14. Qf2 Qxf2
0-1

[Event "Challenge"]
[Site "http://www.queenalice.com/game.php?id=862526"]
[Date "2010.11.22"]
[Round "-"]
[White "Marcos_197"]
[Black "lavander"]
[Result "1-0"]
[WhiteElo "1586"]
[BlackElo "1247"]

1. e4 e5 2. Nf3 Qf6 3. Bc4 d6 4. Nc3 Be6 5. Nd5 Qd8 6. d3 c6 7. Nb4 Bxc4 8. dxc4
Qd7 9. O-O c5 10. Nd5 Qg4 11. h3 Qxe4 12. Nc7+ Kd7 13. Nxa8 Qxc4 14. Nxe5+ Ke6
15. Nxc4 d5 16. Re1+ Kd7 17. Qxd5+ Kc8 18. Re8# 1-0